Der ewige Kreislauf des Weltalls (Record no. 6362)

MARC details
000 -CABECERA
campo de control de longitud fija 00633nam a2200229 a 4500
001 - NÚMERO DE CONTROL
campo de control BRCA_6679
005 - FECHA Y HORA DE LA ÚLTIMA TRANSACCIÓN
campo de control 20190320205542.0
008 - DATOS DE LONGITUD FIJA--INFORMACIÓN GENERAL
campo de control de longitud fija 131011s1914----gw-a######---#000-0#ger-#
041 ## - CÓDIGO DE LENGUA
Código de lengua del texto/banda sonora o título independiente ger
044 ## - CÓDIGO DEL PAÍS DE LA ENTIDAD EDITORA/PRODUCTORA
Código MARC del país gw
050 #4 - SIGNATURA TOPOGRÁFICA DE LA BIBLIOTECA DEL CONGRESO
Número de clasificación QB981
Número de documento/Ítem .Z45 1914
100 1# - ENTRADA PRINCIPAL--NOMBRE DE PERSONA
Nombre de persona Zehnder, Ludwig Albert
Fechas asociadas al nombre 1854-
9 (RLIN) 16705
245 10 - MENCIÓN DE TÍTULO
Título Der ewige Kreislauf des Weltalls
Mención de responsabilidad, etc. von Ludwig Zehnder.
260 ## - PUBLICACIÓN, DISTRIBUCIÓN, ETC.
Lugar de publicación, distribución, etc. Brunswick, Alemania
Nombre del editor, distribuidor, etc. Friedr Vieweg
Fecha de publicación, distribución, etc. 1914
300 ## - DESCRIPCIÓN FÍSICA
Extensión vii, 408 p.
Otras características físicas il.
Dimensiones 24 cm.
500 ## - NOTA GENERAL
Nota general Incluye índice de nombres
500 ## - NOTA GENERAL
Nota general L201
650 14 - PUNTO DE ACCESO ADICIONAL DE MATERIA--TÉRMINO DE MATERIA
Término de materia o nombre geográfico como elemento de entrada Hipótesis nebular
9 (RLIN) 16706
650 14 - PUNTO DE ACCESO ADICIONAL DE MATERIA--TÉRMINO DE MATERIA
Término de materia o nombre geográfico como elemento de entrada Astronomía
9 (RLIN) 7908
902 ## - CATALOGADOR
Iniciales GFM
942 ## - ELEMENTOS DE PUNTO DE ACCESO ADICIONAL (KOHA)
Fuente del sistema de clasificación o colocación Library of Congress Classification
Tipo de ítem Koha Libros
Holdings
Estado de retiro Estado de pérdida Estado dañado No para préstamo Localización permanente Ubicación/localización actual Fecha de adquisición Número de inventario Total de préstamos Signatura topográfica completa Código de barras Fecha visto por última vez Precio válido a partir de Tipo de ítem Koha
El ejemplar forma parte de la colección y puede ser consultado según las políticas vigentes.       Biblioteca del Museo Franz Mayer (Rogerio Casas-Alatriste) Biblioteca del Museo Franz Mayer (Rogerio Casas-Alatriste) 13/10/2011 L201   QB981 .Z45 1914 (L201) 7126 22/03/2019 22/03/2019 Libros